Relatos [de Alberto Moravia] /

保存先:
書誌詳細
第一著者: Moravia, Alberto (autor)
フォーマット: 図書
言語:スペイン語
出版事項: Madrid, España : Alianza, 1971, c1971
シリーズ:(El Libro de Bolsillo ; Literatura) 326.
主題:
タグ: タグ追加
タグなし, このレコードへの初めてのタグを付けませんか!

MARC

LEADER 00000nam^a2200000^a^4500
001 000321134
005 20250521000000.0
009 20260310113534.165
025 |a Donación Alvaro Gómez Saborío, 1 ejemplar 
037 |a Acervo ITESO - Biblioteca 
041 |a ESP 
082 |a 853.  |b MOR 
100 |a Moravia, Alberto  |e (autor) 
245 1 3 |a Relatos [de Alberto Moravia] /  |c A. Moravia ; tr. por Esther Benítez. 
264 4 |a Madrid, España :  |b Alianza,  |c 1971, c1971 
300 |a 397 p. 
336 |a texto  |b txt  |2 rdacontenido 
337 |a sin mediación  |b n  |2 rdamedio 
338 |a volumen  |b nc  |2 rdasoporte 
440 4 |a (El Libro de Bolsillo ;  |v 326.  |p Literatura) 
500 |a Traducción de: I racconti 
545 0 |a Alberto Moravia (Roma 1907-1990), nacido como Alberto Pincherle, es sin duda uno de los grandes renovadores y protagonistas de la literatura italiana del siglo XX. Escritor profundamente inmerso en la realidad socio-histórica que le tocó vivir, su literatura está atravesada por la dimensión existencialista y por preocupaciones vinculadas lo mismo al psicoanálisis que al marxismo. Su narrativa da cuenta de las decadentes formas de vida de la burguesía italiana y de la incomunicación y vacío existencial que aquejaban a sus miembros. Los indiferentes (1929), El aburrimiento (1960) y La vida interior (1978), dan muestra de esa narrativa. Otros de sus títulos son: La romana (1947), La desobediencia (1948), La mascarada (1958), El hombre como fin (1963), La atención (1965), Cartas desde el Sahara (1981) y El hombre que mira (1985), entre otros. Obtuvo a lo largo de su vida numerosos reconocimientos, entre los cuales destacan el Premio Strega y el Premio Mondello. Varias de sus obras han sido adaptadas al cine. 
586 |a Premio Strega 1952 (ganadora) 
649 |a XX 
650 |a Cuentos Italianos 
650 |a Literatura Italiana -  |y Siglo XX 
910 |a Fondo General 
920 |a Impresos - Libros 
930 |a Colección General 
940 |a Literatura 
905 |a 101 
901 |a 0500208291  |b IT1  |c LIT  |i D  |u 20250521 
902 |a https://opac.biblio.iteso.mx/vufind/Record/000321134